00723nam a2200145 a 4500008004100000050002200041100001900063245016900082260004000251300001800291500002400309995010400333999001700437952012300454180214s2016 ||||||||||||||||| || u aCBU-PG THESIS/CHU aChuubi, Dorcus12aA study of the effect of technological innovations on the financial performance of commercial banks in Zambia: a case study of First National Bankcby Dorcas Chuubi aKitwe:bCopperbelt Universityc2016 ax, 69p.: ill. aIncludes References FCBU-MAIN LIBRARY (Kitwe)M1UAVAILABLEWFeb 14, 2018XCopperbelt University ZUniversity Collection c58896d58896 00102lcc4070a001b001cUniversity Collectiond2022-11-30l0oCBU-PG THESIS/CHUpB3463r2022-11-30w2022-11-30y002